Normal view
MARC view
- Qadri, S. M. Afzal
Entry Personal Name
001 - CONTROL NUMBER
- control field: 3999
003 - CONTROL NUMBER IDENTIFIER
- control field: OSt
005 - DATE AND TIME OF LATEST TRANSACTION
- control field: 20210307110822.0
008 - FIXED-LENGTH DATA ELEMENTS
- fixed length control field: 210307|| aca||aabn | a|a d
040 ## - CATALOGING SOURCE
- Original cataloging agency: OSt
- Transcribing agency: OSt
100 ## - HEADING--PERSONAL NAME
- Personal name: Qadri, S. M. Afzal
670 ## - SOURCE DATA FOUND
- Source citation: Work cat.: (OSt): Qadri, S. M. Afzal, Criminology, c2005
